| 000 | 00000nam##2200000za#4500 |
| 001 | 9.575748 |
| 003 | CaOODSP |
| 005 | 20210624184818 |
| 007 | cr ||||||||||| |
| 008 | 150406|2009||||xxc|||||o f|0| 0 eng|d |
| 040 | |aCaOODSP|beng |
| 043 | |an-cn--- |
| 086 | 1 |aTU3-5/09-23E-PDF |
| 110 | 2 |aTransportation Safety Board of Canada. |
| 245 | 10|aWake turbulence encounter - Collision with terrain, Integra Ops Ltd. (dba Canadian Air Charters) Piper PA-31-350 Chieftain, C-GNAF, Richmond, British Columbia, 09 July 2009 |h[electronic resource] |
| 260 | |aGatineau - Quebec : |bTransportation Safety Board of Canada |c[2009]. |
| 300 | |a26p.|bfigs., references |
| 490 | 1 |aAviation investigation report |vA09P0187 |
| 590 | |a13-06-Supp|b2013-03-19 |
| 775 | 08|tRencontre de turbulence de sillage et impact contre le Relief du Piper PA-31-350 Chieftain C-GNAF exploité par Integra Ops Ltd. (s/n Canadian Air Charters) à Richmond (Colombie-Britannique), le 9 juillet 2009 |w(CaOODSP)9.605197 |
| 830 | #0|aAviation investigation report ;|vA09P0187|w(CaOODSP)9.504825 |
| 856 | 40|ahttp://publications.gc.ca|qPDF|s3056 KB|uhttps://publications.gc.ca/collections/collection_2013/bst-tsb/TU3-5-09-23-eng.pdf|yA09P0187 |